000 00248nam a2200109Ia 4500
008 190216s9999||||xx |||||||||||||| ||und||
100 _aTolstoy
245 0 _aEnthanu Kala
260 _bNbs Kottayam
650 _aEssay Malayalam
942 _cBK
999 _c25378
_d25378